000 00637nam a2200277Ia 4500
005 20260324123647.0
008 008 260324s9999 xx 000 0 eng d
020 _a9780429478529
037 _aEBOOK
040 _aCRL
040 _beng
040 _cCRL
041 _2eng
041 _aeng
084 _qCRL
100 _aRene Roussillon
_91171157
245 0 _aPrimitive Agony and Symbolization
260 _bTaylor and Francis
260 _c2011
365 _a
365 _b205
856 _uhttp://www.taylorfrancis.com/books/9780429478529
942 _cEBOOK
999 _c1764875
_d1764875